أطفال الشوارع في الأردن / (رقم التسجيلة. 79770)
[ عرض عادي ]
| 000 -LEADER | |
|---|---|
| fixed length control field | 00516nam a22001817a 4500 |
| 005 - DATE AND TIME OF LATEST TRANSACTION | |
| control field | 20251108172444.0 |
| 008 - FIXED-LENGTH DATA ELEMENTS--GENERAL INFORMATION | |
| fixed length control field | 250721s9999 xx 000 0 ara d |
| 082 14 - DEWEY DECIMAL CLASSIFICATION NUMBER | |
| Classification number | 362.73/وخي |
| 100 1# - MAIN ENTRY--PERSONAL NAME | |
| Personal name | الوخيان، نهار علي |
| 245 10 - TITLE STATEMENT | |
| Title | أطفال الشوارع في الأردن / |
| 264 1# - PRODUCTION, PUBLICATION, DISTRIBUTION, MANUFACTURE, AND COPYRIGHT NOTICE | |
| Place of production, publication, distribution, manufacture | عمان : |
| Date of production, publication, distribution, manufacture, or copyright notice | [19 - ). |
| 300 ## - PHYSICAL DESCRIPTION | |
| Extent | 92ص. |
| 650 17 - SUBJECT ADDED ENTRY--TOPICAL TERM | |
| Topical term or geographic name as entry element | الأطفال المشردون |
| 650 17 - SUBJECT ADDED ENTRY--TOPICAL TERM | |
| Topical term or geographic name as entry element | المشاكل الإجتماعية |
| 650 17 - SUBJECT ADDED ENTRY--TOPICAL TERM | |
| Topical term or geographic name as entry element | الأردن |
| 942 ## - ADDED ENTRY ELEMENTS (KOHA) | |
| Source of classification or shelving scheme | Dewey Decimal Classification |
| Koha item type | كتب |
| حالة السحب | حالة الفقدان | مصدر التصنيف | حالة التلف | غير قابل للإعارة | المكتبة الرئيسية | المكتبة الحالية | موقع الرف | تاريخ التزويد | الرقم المتسلسل | Total Checkouts | رقم الإستدعاء | الباركود | تاريخ آخر ظهور | تاريخ الفاتورة | نوع المادة (كوها) |
|---|---|---|---|---|---|---|---|---|---|---|---|---|---|---|---|
| Dewey Decimal Classification | مكتبة البراعم الواعدة | مكتبة البراعم الواعدة | الإعارة | 24/10/2015 | 1474334 | 362.73/وخي | PLD00359051 | 28/07/2025 | 24/10/2015 | كتب | |||||
| Dewey Decimal Classification | Not For Loan | مكتبة تاريخ الأردن | مكتبة تاريخ الأردن | لا يعار | 10/11/2009 | 1329886 | 362.73/وخي | PLD00118127 | 28/07/2025 | 10/11/2009 | كتب | ||||
| Dewey Decimal Classification | مكتبة صويلح العامة | مكتبة صويلح العامة | الإعارة | 30/04/2019 | 392894 | 362.73/وخي | PLD00452155 | 28/07/2025 | 30/04/2019 | كتب |